000 03496nab a22006977 4500
003 AR-RoUNA
022 _a0327-9022
040 _aAR-RoUNA
_bspa
041 _aspa
044 _aag
245 _aSumma+ /
_bEl lujo es el paisaje
260 _aBuenos Aires ,
_c1993
300 _a144 p. :
_bil. byn.
_bplanos
_c34 X25 cm.
505 0 _tINDICE
505 0 _tHOTELES - El lujo es el paisaje
505 0 _tHOTELES - Uruguay - FRAGMENTOS EN EL PAISAJE
505 0 _aIsay Weinfeld arq. / Hotel Fasano Las Piedras, 2010. p. 6
505 0 _tHOTELES - España - ARIDEZ Y CONTEMPLACIÓN
505 0 _aEmiliano López y Mónica Rivera / Hotel Aire de Bardenas, Navarra, 2007. p. 26
505 0 _tHOTELES - Brasil - Naturaleza y Arquitectura
505 0 _aMónica Drucker, Rubén Otero / Makenna Resort, Portha da Tulha, Bahía, 2010. p. 28
505 0 _tHOTELES - Noruega
505 0 _aLucrecia Álvarez / Cabañas en el valle. p. 36
505 0 _aJSA / Hotel Juvet Landscape, Waldal, 2008. p. 36
505 0 _tHOTELES - Tendencias
505 0 _tMartín Di Peco / Hotel - Less: turismo sin hoteles. p. 42
505 0 _tOFICINAS - NUEVOS ESCENARIOS
505 0 _tOFICINAS - Francia
505 0 _aJosep Lluís Mateo / Realidades ópticas. p. 46
505 0 _aMateo Arqitectura: Josep Lluís Mateo / La Factory, Ribera del Sena. 2010. p. 46
505 0 _tOFICINAS - Holanda - HÍPER - SUSTENTABLE
505 0 _aUnstudio / Oficinas PPP para la agencia de educación (EEA) y la oficina de impuestos, Países Bajos, 2011. p. 54
505 0 _tOFICINAS - Chile - CURVAS EN EL TERRITORIO
505 0 _a+Arquitectos / Edificio Transoceánica, Santiago, 2010. p. 62
505 0 _aPaula de Elía Arquitecta / Oficina para editora de libros, CABA, 2009. p. 74
505 0 _aEstudio Juan M. Altgelt / Oficinas para Ponce Buenos Aires, 2010. p. 78
505 0 _aContract / Oficinas para Mercado Libre, CABA, 2011. p. 82
505 0 _tCOMERCIOS - MULTIPLICAR SITUACIONES Y SENSACIONES
505 0 _tCOMERCIOS - Holanda - CUBOS MÁGICOS
505 0 _aBassam El Okeily, Karla Menten / Eyecare For You, Maastricht, 2010. p. 88
505 0 _tCOMERCIOS - Brasil - ESQUINA Y PITANGUEIRA
505 0 _aUna arqs. (Cristian Muniz, Fábio Valentim, Fernanda Barbara y Fernando Viégas) / Tienda Garda, San Pablo, 2010. p. 94
505 0 _tCOMERCIOS ARGENTINA - VIDRIERA JARDÍN
505 0 _aSonnschein arqs. / Local Key Biscayne, Historia, CABA, 2010. p. 100
505 0 _tCOMERCIOS - Brasil - ENTRANDO AL CLÓSET
505 0 _aIsay Weinfeld / Tienda Carina Duek, San Pablo, 2009. p. 106
505 0 _tCOMERCIOS - Corea - SIEMPRE CAMBIANTE
505 0 _aUnstudio / Galería Centercity, Cheonan, 2010. p. 112
505 0 _aJulián Waras / Contigencia y Universalidad: más allá de la dualidad. p. 126
505 0 _aIgnacio Ros de Olano / Praga en papel. p. 135
505 0 _aRafael E. J. Iglesia / ¡Aguante, Capitel!. p. 136
505 0 _aRoberto Fernández / Modernidad Póstuma, sobre los Smithson. p. 139
505 0 _aMario Sabugo / Firpo, Dempsey y el faro del Barolo: segundo round. p. 142
505 0 _aRuth Verde Zein / En las losas de la periferia y sin el asado al final. p. 144
650 _aArquitectura contemporánea
773 0 _aSumma+
_dBuenos Aires, Argentina
_gNº116 (jul-2011), p. 144
_x0327-9022
908 _aImp
942 _2udc
_cART
945 _aMBP
_d2022-07-08
980 _8138
_gCarolina Rainero
_6138
_aCarolina Rainero
999 _c12238
_d12238